Avaliação da produção de látex em mangabeiras do cerrado goiano (Registro n. 86527)
[ somente texto ]
| 000 -LÍDER | |
|---|---|
| fixed length control field | 04553nab a2200349 i 4500 |
| 003 - CÓDIGO MARC DA AGÊNCIA CATALOGADORA | |
| Campo de controle | BR-BrBNA |
| 005 - DATA E HORA DA ÚLTIMA ATUALIZAÇÃO | |
| Campo de controle | 20231018172023.0 |
| 008 - CAMPO DE TAMANHO FIXO | |
| fixed length control field | 231018b2016 bl.qr|pooa||| 00| 0 por | |
| 040 ## - FONTE DA CATALOGAÇÃO | |
| Agência catalogadora | BR-BrBNA |
| Idioma da catalogação | por |
| 072 ## - CATEGORIA AGRIS | |
| Código AGRIS | K50 |
| Código do objeto | 8909 |
| 100 ## - ENTRADA PRINCIPAL - NOME PESSOAL | |
| Nome pessoal | Arruda, Alcione da Silva |
| 100 ## - ENTRADA PRINCIPAL - NOME PESSOAL | |
| Nome pessoal | Faria, Rute Quelvia de |
| 100 ## - ENTRADA PRINCIPAL - NOME PESSOAL | |
| Nome pessoal | Peixoto, Nei |
| 100 ## - ENTRADA PRINCIPAL - NOME PESSOAL | |
| Nome pessoal | Moreira, Ana Silvia Franco Pinheiro |
| 100 ## - ENTRADA PRINCIPAL - NOME PESSOAL | |
| Nome pessoal | Floriano, Juliana Ferreira |
| 100 ## - ENTRADA PRINCIPAL - NOME PESSOAL | |
| Nome pessoal | Graeff, Carlos Frederico Oliveira |
| 100 ## - ENTRADA PRINCIPAL - NOME PESSOAL | |
| Nome pessoal | Gonçalves, Pablo José |
| 100 ## - ENTRADA PRINCIPAL - NOME PESSOAL | |
| Nome pessoal | Almeida, Luciane Madureira de |
| 245 ## - TÍTULO PRINCIPAL | |
| Título principal | Avaliação da produção de látex em mangabeiras do cerrado goiano |
| 500 ## - NOTA GERAL | |
| Nota geral | Publicação on-line. Ind. Lit. EZ; Bibliography p. 946-948 (53 ref.); 4 tables; 2 illus.; Summaries (En, Pt) |
| 942 ## - ADDED ENTRY ELEMENTS (KOHA) | |
| Koha item type | |
| 520 ## - NOTA DE RESUMO | |
| Nota de conteúdo | <br/><br/>RESUMO<br/>O látex de mangabeira, planta nativa do cerrado, apresenta potencial biotecnológico para desenvolvimento<br/>de novos fármacos. Pouco se sabe sobre os métodos de coleta e produtividade de látex em mangabeira, a<br/>qual vem sendo explorada comercialmente para produção de frutos de modo principalmente extrativista.<br/>Buscando informações sobre a utilização do látex de mangabeira foi avaliada, nesse trabalho, a produtividade<br/>do látex associada aos métodos de sangria; às condições ambientais; às características sazonais e anatômicas<br/>dessa espécie. Como resultado observou-se que o método de coleta utilizado comumente em seringueira não<br/>é apropriado para mangabeira, sendo a sangria feita com facão na região do caule o método mais produtivo.<br/>Em relação à anatomia da casca, a espessura, a posição e o número de vasos lactíferos influenciam na<br/>produção. Resultados também mostraram que a casca de mangabeira é espessa e que o número de vasos<br/>lactíferos é superior na região interna, evidenciando que sangrias utilizando cortes superficiais não são<br/>eficientes, pois não atingem os vasos lactíferos. Também, foi observado que o aumento da temperatura<br/>ambiental tem influência positiva na produtividade do látex e que na época da frutificação a produção de<br/>látex é significativamente inferior. Isso provavelmente ocorre porque a planta utiliza uma parcela dos seus<br/>metabólitos secundários para formação do fruto, gerando uma menor disponibilidade desses metabólitos<br/>para a produção de látex.<br/><br/>Palavras-chave: Hancornia speciosa; extração de látex; características sazonais e anatômicas. |
| 520 ## - NOTA DE RESUMO | |
| Nota de conteúdo | <br/><br/>ABSTRACT<br/>The mangabeira latex, plant native from Cerrado, shows biotechnological potential for the development<br/>of new drugs. Little is known about the latex productivity and bleeding methods in mangabeira, which is<br/>usually utilized in extractive way for fruit production. Aiming to broaden the knowledge about mangabeira<br/>latex production it was evaluated the productivity associated with bleeding methods; environmental<br/>conditions; anatomical aspects from the bark and seasonal properties. As results it was observed that the<br/>bleeding method commonly used in rubber tree is not appropriated to mangabeira; the most productive<br/>bleeding method was using a knife in stalk region. The bark thickness and lactiferous vessels number are<br/>associated with latex production. Anatomical analysis showed that the bark in mangabeira is thick and the<br/>lactiferous vessels are deeply localized, in this way some superficial bleeding methods are not able to reach<br/>the vessels. It was also observed that the increase in environmental temperature has a positive influence on<br/>the productivity of latex and that during the fruiting time the latex production is significantly lower. This<br/>probably occurs because the plant uses part of the secondary metabolites for fruit formation, which reduced<br/>the availability of these metabolites to latex production.<br/><br/>Keywords: Hancornia speciosa; latex extraction; anatomical and seasonal characteristics. |
| 650 ## - ASSUNTO - THESAGRO | |
| Cabeçalho tópico ou nome geográfico | HANCORNIA SPECIOSA |
| 650 ## - ASSUNTO - THESAGRO | |
| Cabeçalho tópico ou nome geográfico | MANGABA |
| 650 ## - ASSUNTO - THESAGRO | |
| Cabeçalho tópico ou nome geográfico | EXTRAÇÃO |
| 650 ## - ASSUNTO - THESAGRO | |
| Cabeçalho tópico ou nome geográfico | LATEX |
| 650 ## - ASSUNTO - THESAGRO | |
| Cabeçalho tópico ou nome geográfico | ANATOMIA VEGETAL |
| 773 0# - ENTRADA ANALÍTICA | |
| Host Biblionumber | 4065 |
| Registro do item | 102038 |
| Imprenta | Santa Maria-RS Universidade Federal de Santa Maria - Centro de Pesquisas Florestais.Departamento de Ciências Florestais. Programa de Pós-Graduação em Engenharia Florestal 1991 |
| Outro identificador | 2023-436444 |
| Título | Ciência Florestal (Brazil) |
| ISSN | 0103-9954; 1980-5098 (on-line) |
| Colação | v. 26(3) p. 939-948; (Jul-Sep 2016) |
| Número de controle de registro | BR2023001230 |
| 856 ## - ACESSO E ENDEREÇO ELETRÔNICO | |
| Identificador uniforme de recurso - URI | https://www.scielo.br/j/cflo/a/kpRzDdGHJZSHP3Q47dNzdwj/?format=pdf&lang=pt |
Nenhum exemplar disponível.

BINAGRI